00714cam4a220020500 4500001001200000003000500012005001700017008004100034035001900075035002200094040000900116100003600125245012600161260003500287440008600322504004100408650002400449650002900473004000600502tmp15726226UPRA20190814132042.0951012s1981 sa eng u a(Sirsi) r24615 a(UPRA)tmp15726226 cUPRA1 aHarrison, Gaisford G.6A87312.114aThe place of anaesthetics as a discipline in contemporary medical practice :bsome difficulties, dilemmas and directions. aCapetown :bUniversity,c1981. 0aInaugural lecture. New series ;nInaugural lecture. New series ;vno. 746S4890.3 aIncludes bibliographical references. 0aAnesthesia.6S132.2 0aAnesthesiology.6S4998.124615